Squadron /

Další autoři: Komrower, George, 1965-, Pohl, Stephan von, 1971-
Jazyk: Čeština
Angličtina
Vydáno: Praha : BiggBoss, 2019
Témata:
Fyzický popis: 279 stran : ilustrace (některé barevné), portréty, faksimile ; 25 cm
Language note: Souběžný anglický text
Knihy
Uloženo v:
LEADER 02722nam a2200721 i 4500
001 nkc20193165892
003 CZ PrNK
005 20200205134639.0
007 ta
008 191220s2019 xr ach f 000 0 cze
015 |a cnb003165892 
020 |a 978-80-907383-5-5  |q (vázáno) 
035 |a (OCoLC)1140091732 
040 |a OLA001  |b cze  |e rda 
041 1 |a cze  |a eng  |h cze 
043 |a e-cs---  |a e-xr--- 
045 |a x3y1 
072 7 |a 358  |x Vojenské letectvo. Dělostřelectvo. Ženijní jednotky. Technické služby armády. Chemické vojsko  |2 Konspekt  |9 15 
072 7 |a 7.01/.09  |x Umění  |2 Konspekt  |9 21 
080 |a 358.4-051  |2 MRF 
080 |a 358.4  |2 MRF 
080 |a 77.03  |2 MRF 
080 |a 766:655  |2 MRF 
080 |a (437)  |2 MRF 
080 |a (437.3)  |2 MRF 
080 |a (048.8)  |2 MRF 
080 |a (084.12)  |2 MRF 
080 |a (084.11)  |2 MRF 
245 0 0 |a Squadron /  |c překlad George Komrower, Stephan von Pohl 
264 1 |a Praha :  |b BiggBoss,  |c 2019 
300 |a 279 stran :  |b ilustrace (některé barevné), portréty, faksimile ;  |c 25 cm 
336 |a text  |b txt  |2 rdacontent 
336 |a statický obraz  |b sti  |2 rdacontent 
337 |a bez média  |b n  |2 rdamedia 
338 |a svazek  |b nc  |2 rdacarrier 
500 |a Obálkový podnázev: specimen book 
504 |a Obsahuje bibliografii 
546 |a Souběžný anglický text 
648 7 |a 1939-1945  |7 ch460653  |2 czenas 
648 4 |a 2014-2019 
648 7 |a 20.-21. století  |7 ch462155  |2 czenas 
648 7 |a 21. století  |7 ch460559  |2 czenas 
650 0 7 |a vojenští letci  |7 ph127212  |z Československo  |y 1939-1945  |2 czenas 
650 0 7 |a vojenské letectvo  |7 ph116625  |z Česko  |y 20.-21. století  |2 czenas 
650 0 7 |a dokumentární fotografie  |7 ph119534  |z Česko  |y 20.-21. století  |2 czenas 
650 0 7 |a grafický design  |7 ph116550  |z Česko  |y 21. století  |2 czenas 
650 0 9 |a military air pilots  |z Czechoslovakia  |y 1939-1945  |2 eczenas 
650 0 9 |a air forces  |z Czechia  |y 20th-21st centuries  |2 eczenas 
650 0 9 |a documentary photography  |z Czechia  |y 20th-21st centuries  |2 eczenas 
650 0 9 |a graphic design  |z Czechia  |y 21st century  |2 eczenas 
655 7 |a monografie  |7 fd132842  |2 czenas 
655 7 |a fotografické publikace  |7 fd132276  |2 czenas 
655 7 |a obrazové publikace  |7 fd132947  |2 czenas 
655 9 |a monographs  |2 eczenas 
655 9 |a photographical works  |2 eczenas 
655 9 |a pictorial works  |2 eczenas 
700 1 |a Komrower, George,  |d 1965-  |7 jo20181001435  |4 trl 
700 1 |a Pohl, Stephan von,  |d 1971-  |7 xx0089596  |4 trl 
910 2 |a BOA001  |b 2-1439.622 
990 |a BK 
995 |a 01 
991 |b 202001  |c NOV 
996 6 |b 2610811473  |c 2-1439.622  |l MZK  |r Sklad / do 1 hodiny  |n 0  |p p.v.  |w 001775974  |u 000010  |a 1  |e BOA001  |j MZK50  |s P